000 00725nam a22002417a 4500
003 UA-OsUOA
001 54405
007 ta
008 20080610b un ||||| |||| 00| 0 ukr d
090 _a330.133.2
_bС88
942 _cBK
040 _aUA-OsUOA
_bukr
_cUA-OsUOA
_dUA-OsUOA
245 _aСтудентські наукові записки. Серія "Економіка"
_bзбірник наукових праць
_cвідп. ред. І. І. Топішко
300 _a420 с.
955 _a1
041 _aukr
080 _a330.133.2
020 _a966-763-1494
260 _aОстрог
_bНаУОА
_c2005
250 _nвип. 2
650 7 _a330 Економіка взагалі
_2UDC
999 _c340675
_d340675